ბათუმის შოთა რუსთაველის სახელმწიფო უნივერსიტეტის ბიბლიოთეკა

ლაბორატორიული პრაქტიკუმი სითბოს სატრანსფორმაციო და მაცივარი დანადგარების კურსში / (ბიბ.ჩანაწერი № 39629)

000 -ლიდერი
ფიქსირებული სიგრძის საკონტროლო ველი 01232nam a2200217Ia 4500
001 - საკონტროლო ნომერი
საკონტროლო ველი 6229
003 - საკონტროლო ნომრის იდენტიფიკატორი
საკონტროლო ველი GE_BSU
005 - ბოლო ოპერაციის თარიღი და დრო
საკონტროლო ველი 20190621150941.0
008 - ფიქსირებული სიგრძის მონაცემთა ელემენტები - ზოგადი ინფორმაცია
ფიქსირებული სიგრძის საკონტროლო ველი 181216s1980|||| |||||||||||||| ||geo||
041 ## - ენის კოდი
Language code of text/sound track or separate title geo
080 ## - უნივერსალური ათობითი კლასიფიკაციის ინდექსი
Universal Decimal Classification number 621.314.2 ვ-28
100 ## - მთავარი ჩანაწერი - პიროვნების სახელი
Personal name ვეზირიშვილი, ო.
9 (RLIN) 2511
245 ## - ცნობა სათაურის შესახებ
Title ლაბორატორიული პრაქტიკუმი სითბოს სატრანსფორმაციო და მაცივარი დანადგარების კურსში /
Statement of responsibility, etc ო. ვეზირიშვილი ; მ. სარიშვილი.
264 ## - წარმოების, გამოცემის, დისტრიბუციის და სხვა ცნობები
გამოცემის, წარმოების, დისტრიბუციის... ადგილი თბილისი :
გამოცემის, წარმოების, დისტრიბუციის... სახელწოდება სპი,
გამოცემის, წარმოების, დისტრიბუციის... თარიღი 1980.
300 ## - ფიზიკური აღწერა
Extent 138 გვ .:
Other physical details ცხრ ;
Dimensions 19 სმ.
653 ## - INDEX TERM--UNCONTROLLED
Uncontrolled term ლაბორატორიული პრაქტიკუმი სითბოს სატრანსფორმაციო და მაცივარი დანადგარების კურსში
653 ## - INDEX TERM--UNCONTROLLED
Uncontrolled term სითბოს სატრანსფორმაცია და მაცივარი დანადგარები
653 ## - INDEX TERM--UNCONTROLLED
Uncontrolled term ტექნიკა
700 ## - ADDED ENTRY--PERSONAL NAME
Personal name სარიშვილი, მ
9 (RLIN) 2729
942 ## - ADDED ENTRY ELEMENTS (KOHA)
Koha item type წიგნი
Source of classification or shelving scheme
ეგზემპლარები
ჩამოწერის სტატუსი დაკარგული ეგზემპლარის სტატუსი კლასიფიკაციის წყარო ან თაროზე გაწყობის სქემა დაზიანების სტატუსი არ გაიცემა მუდმივი მდებარეობა (დაცვის ადგილი) ამჟამინდელი ადგილსამყოფელი თაროზე განთავსების ადგილი შეძენის თარიღი სრული შენახვის შიფრი შტრიხკოდი ბოლო ოპერაციის თარიღი ეგზემპლარის მიმდევრობითი ნომერი (კეტერი?) ფასის ძალაში შესვლის თარიღი ეგზემპლარის სახეობა
          ტექნოლოგიური ფაკულტეტის ბიბლიოთეკა ტექნოლოგიური ფაკულტეტის ბიბლიოთეკა წიგნსაცავი 2018-12-17 621.314.2 ვ-28 10659 2018-12-17 10659 2018-12-17 წიგნი
          ტექნოლოგიური ფაკულტეტის ბიბლიოთეკა ტექნოლოგიური ფაკულტეტის ბიბლიოთეკა წიგნსაცავი 2018-12-17 621.314.2 ვ-28 10660 2018-12-17 10660 2018-12-17 წიგნი
          ტექნოლოგიური ფაკულტეტის ბიბლიოთეკა ტექნოლოგიური ფაკულტეტის ბიბლიოთეკა წიგნსაცავი 2018-12-17 621.314.2 ვ-28 10661 2018-12-17 10661 2018-12-17 წიგნი